Ethik und Ökonomik des sorgsamen Umgangs mit natürlichem Leben in der landwirtschaftlichen Produktion.
Zvláštna ekologická úloha poľnohospodárstva v porovnaní s inými hospodárskymi odvetviami. Etické a ekologické problémy poľnohospodárstva v priemyselných krajinách. Nutnosť nájsť súlad medzi potrebami prirodzeného života a poľnohospodárskym využitím krajiny. Význam alternatívnych foriem výroby.
Enregistré dans:
| Auteur principal: | |
|---|---|
| Format: | Chapitre de livre |
| Langue: | allemand |
| Sujets: | |
| Tags: |
Pas de tags, Soyez le premier à ajouter un tag!
|
MARC
| LEADER | 00000naa a2200000 4500 | ||
|---|---|---|---|
| 001 | r005097 | ||
| 005 | 20221130102628.3 | ||
| 041 | 0 | |a ger | |
| 044 | |a DE | ||
| 245 | 1 | 0 | |a Ethik und Ökonomik des sorgsamen Umgangs mit natürlichem Leben in der landwirtschaftlichen Produktion. |c G. Weinschenck |
| 520 | |a Zvláštna ekologická úloha poľnohospodárstva v porovnaní s inými hospodárskymi odvetviami. Etické a ekologické problémy poľnohospodárstva v priemyselných krajinách. Nutnosť nájsť súlad medzi potrebami prirodzeného života a poľnohospodárskym využitím krajiny. Význam alternatívnych foriem výroby. | ||
| 610 | 2 | 0 | |a poľnohospodárstvo |
| 610 | 2 | 0 | |a poľnohospodárstvo alternatívne |
| 610 | 2 | 0 | |a ekológia |
| 610 | 2 | 0 | |a etika |
| 610 | 2 | 0 | |a výroba poľnohospodárska |
| 100 | 1 | |a Weinschenck, Günther | |